Normal view
MARC view
- Pakistan Earthquake, 2005.
Entry Topical Term
001 - CONTROL NUMBER
- control field: 5558
003 - CONTROL NUMBER IDENTIFIER
- control field: NUST
005 - DATE AND TIME OF LATEST TRANSACTION
- control field: 20171020105142.0
008 - FIXED-LENGTH DATA ELEMENTS
- fixed length control field: 171020|| aca||aabn | a|a d
040 ## - CATALOGING SOURCE
- Original cataloging agency: NUST
- Transcribing agency: NUST
150 ## - HEADING--TOPICAL TERM
- Topical term or geographic name entry element: Pakistan Earthquake, 2005.
670 ## - SOURCE DATA FOUND
- Source citation: Work cat.: (NUST)0: Pakistan earthquake 2005, the day the mountains moved :, 2007
